000 00530nam a22001697a 4500
005 20251108165319.0
008 250721s1990 xx 000 0 ara d
082 1 4 _a633.3/محم
100 1 _aشاكر، محمد علي
245 1 0 _aالبروتين الغذائي الحديث :
_bفول الصويا : نحو إنتاجية ... /
264 1 _aالقاهرة :
_bدار الفكر العربي،
_c1990.
300 _a112ص
650 1 7 _aالفول
650 1 7 _aفول الصويا
942 _2ddc
_cBK
999 _c24842
_d24842